000 00570nam a22001937a 4500
999 _c7608
_d7608
003 OSt
005 20220118100713.0
008 220118b ||||| |||| 00| 0 eng d
020 _a9780415512572
040 _cDDC
082 _a950 ENV 2007
100 _aJohn,Connell; Eric,Waddell
_915551
245 _aEnvironment Development and Change in Rural Asia-Pacific:
_bBetween local and global.
260 _aLondon:
_bRoutledge;
_c2007,
300 _axii,249p.:
_bill;
_c26cm.
504 _aIncludes Index.
650 _aEnvironment Development.
_915552
942 _2ddc
_cBOOK